Barcelona Provincial Council : About us : So that nobody gets left behind So that nobody gets left behind
Descripción Física:
1 tríptic ; il. col. ; 15 x 21 cm
Idioma:
Catalán , English
MARC
| LEADER | 00000nam a22000007a 4500 | ||
|---|---|---|---|
| 001 | 27555 | ||
| 003 | Arxiu | ||
| 005 | 20260324181156.0 | ||
| 008 | 230321b spa||||| |||| 00| 0 cat d | ||
| 017 | |a B 17928-2021 | ||
| 040 | |a agdb |b cat | ||
| 041 | |a eng | ||
| 110 | 1 | |a Barcelona (Catalunya : Província). |b Diputació |9 52408 | |
| 240 | |a Diputació de Barcelona : Qui som? : Perquè ningú es quedi enrere |l [anglès] | ||
| 245 | |a Barcelona Provincial Council : About us : |b So that nobody gets left behind | ||
| 250 | |a Desembre 2021 | ||
| 260 | |a Barcelona : |b Diputació de Barcelona ; |c 2021 | ||
| 300 | |a 1 tríptic ; |b il. col. ; |c 15 x 21 cm | ||
| 500 | |a També en català (R. 27552) i castellà (R. 27553) | ||
| 610 | 1 | 0 | |a Barcelona (Catalunya : Província). |b Diputació |9 52408 |
| 655 | 0 | |a Fulletons |9 55858 | |
| 710 | |9 56007 |a Barcelona (Catalunya : Província). |b Subdirecció d’Imatge Corporativa i Promoció Institucional | ||
| 942 | |2 udc |c ARXIU |n 1 | ||
| 952 | |0 0 |1 0 |2 udc |4 0 |6 FU74164 |7 1 |9 65683 |a Arxiu |b Arxiu |d 2023-03-21 |l 0 |o FU-74-164 |p 27555 |r 2023-03-21 00:00:00 |w 2023-03-21 |y ARXIU | ||
| 999 | |c 83211 |d 83211 | ||